<?xml version="1.0" encoding="UTF-8"?>
<collection xmlns="http://www.loc.gov/MARC21/slim">
 <record>
  <leader>00745cam a2200169 7i4500</leader>
  <controlfield tag="001">0000135757</controlfield>
  <controlfield tag="005">20080302090000.0</controlfield>
  <controlfield tag="002">  0000000821</controlfield>
  <datafield tag="090" ind1="0" ind2="0">
   <subfield code="a">LP 22 FSGT 1 1998 </subfield>
  </datafield>
  <datafield tag="100" ind1="0" ind2="#">
   <subfield code="a">Moses Philippinus @ Moses Philip </subfield>
  </datafield>
  <datafield tag="235" ind1="0" ind2="0">
   <subfield code="a">Penyesuaian dan tumbesaran ikan baung Mystus nemurus (C. &amp; V.) dalam air payau </subfield>
   <subfield code="c">Moses Philippinus @ Moses Philip.</subfield>
  </datafield>
  <datafield tag="245" ind1="0" ind2="0">
   <subfield code="a">Laporan Projek FSGT(Ijazah Bacelor Sains Perikanan)1998.</subfield>
  </datafield>
  <datafield tag="260" ind1="#" ind2="#">
   <subfield code="a">Terengganu: </subfield>
   <subfield code="b">Universiti Putra Malaysia Terengganu, </subfield>
   <subfield code="c">1998.</subfield>
  </datafield>
  <datafield tag="300" ind1=" " ind2=" ">
   <subfield code="a">xiii, 86 p.: </subfield>
   <subfield code="b">ill.; </subfield>
   <subfield code="c">30 cm..</subfield>
  </datafield>
  <datafield tag="502" ind1="#" ind2="#">
   <subfield code="a">kajian ini dilakukan untuk menentukan penyesuaian ikan tersebut terhadap tahap saliniti yang berbeza...[et al.]</subfield>
  </datafield>
  <datafield tag="602" ind1="#" ind2="#">
   <subfield code="a">Laporan Projek FSGT 1998</subfield>
  </datafield>
  <datafield tag="999" ind1=" " ind2=" ">
   <subfield code="a">1100024075</subfield>
   <subfield code="b">Book</subfield>
   <subfield code="c">Koleksi Arkib</subfield>
   <subfield code="e">BILIK ARKIB</subfield>
  </datafield>
 </record>
</collection>
